Status of Women (Shri Lanka) (Record no. 2429)

MARC details
000 -LEADER
fixed length control field 003890000a22001330004500
008 - FIXED-LENGTH DATA ELEMENTS--GENERAL INFORMATION
fixed length control field 230817t ||||| |||| 00| 0 eng d
082 ## - DEWEY DECIMAL CLASSIFICATION NUMBER
Classification number 305.42
Item number SRI
942 ## - ADDED ENTRY ELEMENTS (KOHA)
Item Type Reports
110 ## - MAIN ENTRY--CORPORATE NAME
Corporate Name Sri Lanka, Ministry of health & women's affairs
245 ## - TITLE STATEMENT
Title Status of Women (Shri Lanka)
260 ## - PUBLICATION, DISTRIBUTION, ETC. (IMPRINT)
Place of Publication Colombo:
Name of Publisher Ministry of Health & Women's Affairs
Date of Copyright 1993
300 ## - PHYSICAL DESCRIPTION
Extent 116 p.
650 ## - SUBJECT ADDED ENTRY--TOPICAL TERM
Topical Term FEMINISM-Sri Lanka
Holdings
Withdrawn status Lost status Source of classification or shelving scheme Damaged status Not for loan Permanent location Current location Date acquired Total Checkouts Full call number Barcode Date last seen Price effective from Koha item type
    Dewey Decimal Classification     Resource center, Muslim Women's Research And Action Forum Resource center, Muslim Women's Research And Action Forum 2023-08-17   305.42 SRI RAF4493 2023-08-17 2023-08-17 Reports

Copyright © 2023 Muslim Women's Research and Action Forum (MWRAF), No 27/3, Anderson Road, Kalubowila, Dehiwela. Funded by The Asia Fundation